000 00556nam a2200169Ia 4500
003 GCL
008 140319s9999 xx 000 0 ara d
040 _aGCL /
_cGCL
082 0 4 _a241
_bح ا
100 1 _aحسن عزالدين الجمل
245 1 0 _aالاسماء الحسنى ولله الاسماء الحسنى فادعوه بها /
_cحسن عزالدين الجمل
260 _a[S.N] :
_bدار الشعب للطباعة والنشر ،
_c1992
300 _a296 ص
490 _a
650 0 4 _aالاسماء الحسنى
942 _2ddc
_cBK
999 _c29081
_d29081